Datum a čas kvízu
27.5
Celkem bodů
Celkový počet nahraných bodů na tomto kvízu bez doplňovacích otázek.
15.
Pořadí na kvízu
Konečné umístění týmu na tomto kvízu.
Zaznamenané odpovědi
| # | Otázka | Odpověď | Body | Výsledky |
|---|---|---|---|---|
| 1. | Jak se jmenuje náměstek pražsk... | Zdeněk Hřib | 1 | |
| 2. | Minulý týden jsme se dozvěděli... | A) ve lžíci bagru | 1 | |
| 3. | Minulý týden jsme se dozvěděli... | Kanye West, Bianca Censori | 1 | |
| 4. | Nápad vědců z brněnské Mendelo... | B) mangové pecky | 0 | |
| 5. | Jakub Vágner prožívá výjimečno... | sumec | 1 | |
| 6. | Hned na začátku tohoto tématu... | para (0,5 b.), piniové (1 b.) | 0.5 | |
| 7. | V jedné populární české písnič... | Báječná ženská, Michal Tučný | 0 | |
| 8. | Jak se jedním kratším slovem n... | gola | 1 | |
| 9. | Který oříšek se na české Wikip... | muškátový | 1 | |
| 10. | Který z těchto výroků o pohádc... | C | 0 |